Catalog

Record Details

Catalog Search



Husitská kronika  Cover Image Book Book

Husitská kronika / [Autor:] Miloš V. Kratochvíl ; Il. Gustav Krum

Summary:

Poutavé i dramatické vyprávění o pohnuté době revolučního husitského hnutí v Čechách, Janu Husovi a Janu Žižkovi, o životě táboritů, o slavných bitvách a o vítězství husitské myšlenky. Vyprávění je proloženo citáty z kronik a letopisů a dobovými písněmi.

Record details

  • Physical Description: 249, [5] s. : [6] obr. příl. ; 8°
  • Edition: 2. vyd.
  • Publisher: Praha : SNDK, 1959

Content descriptions

General Note:
S il. v textu
Pro čtenáře od 11 let
20001-31000 výt.

Available copies

  • 1 of 1 copy available at Common Catalog SPOK.

Holds

  • 0 current holds with 1 total copy.
Show Only Available Copies
Location Call Number / Copy Notes Barcode Shelving Location Status Due Date
KDS Library 810 KrM 204576800710 Library Available -

LDR 01110nam a22002651 4500
00120365
003CZ-PrJAB
00520150707185238.0
008980610s1959 xr cze
015 . ‡acnb000459270
035 . ‡a(CZ PrNK)bk195903090
035 . ‡a(OCoLC)85326074
040 . ‡aABA001 ‡bcze ‡cULG001 ‡dABA001
080 . ‡a885-93-321.6:943.7"14" ‡2undef
1001 . ‡aKratochvíl, Miloš Václav, ‡d1904-1988 ‡7jk01062997 ‡4aut
24510. ‡aHusitská kronika / ‡c[Autor:] Miloš V. Kratochvíl ; Il. Gustav Krum
250 . ‡a2. vyd.
260 . ‡aPraha : ‡bSNDK, ‡c1959 ‡f(KNT 1)
300 . ‡a249, [5] s. : ‡b[6] obr. příl. ; ‡c
500 . ‡aS il. v textu
500 . ‡aPro čtenáře od 11 let
500 . ‡a20001-31000 výt.
520 . ‡aPoutavé i dramatické vyprávění o pohnuté době revolučního husitského hnutí v Čechách, Janu Husovi a Janu Žižkovi, o životě táboritů, o slavných bitvách a o vítězství husitské myšlenky. Vyprávění je proloženo citáty z kronik a letopisů a dobovými písněmi.
910 . ‡aABE463
964 . ‡aHusitství - povídky historické pro mládež
998 . ‡a000459270
901 . ‡a20365 ‡b ‡c20365 ‡tbiblio

Additional Resources